000
00262nam a22001217a 4500
041
_a
ENG
100
_a
Tkinson.K.A
245
_a
Elemrntary Numerical Analysis
260
_a
Delhi
_b
Wiley India
_c
2011
300
_a
560
650
_a
SWCE
856
_u
SWCE ( 43 )
999
_c
1973
_d
1973